000 00648nam a2200229Ia 4500
003 OSt
005 20230522155739.0
008 210423s2002 xx 000 0 und d
040 _cAL
041 _aeng
082 _a323
_223
_bIIHR
100 _aINDIAN INSTITUTE OF HUMAN RIGHTS
_9110722
245 _aInternational provisions of human rights
260 _aNew Delhi
_bIndian Institute of Human Rights
_c2002
300 _a1,184
365 _b250
_cINR
440 _v4D.1
650 _aCivil & Political Rights
_9110723
650 _aPolitical Science
_9110724
906 _ahuman ; International ; provisions ; rights
942 _2ddc
_cBK
999 _c172762
_d172762